Guess the 1970s song lyrics #120 - Statistics

General Stats
  • This quiz has been taken 48 times
  • The average score is 142 of 244
Answer Stats
Answer % Correct
a
100%
I
98%
you
98%
when
93%
and
90%
And
90%
the
90%
your
90%
It
85%
be
83%
my
83%
My
83%
on
83%
On
83%
if
78%
to
78%
hear
76%
no
76%
No
76%
are
73%
of
71%
I'm
68%
is
68%
can
66%
for
66%
man
66%
that
66%
see
63%
know
61%
will
61%
with
61%
could
59%
Don't
59%
don't
59%
like
59%
say
56%
ever
54%
Now
54%
this
54%
too
54%
as
51%
but
51%
But
51%
Just
51%
more
51%
son
51%
was
51%
always
49%
head
49%
well
49%
cry
46%
get
46%
them
46%
eyes
41%
mind
41%
Carry
37%
done
37%
Lay
37%
rest
37%
still
37%
wayward
37%
weary
37%
high
34%
nothing
34%
Once
34%
peace
34%
There'll
34%
voices
32%
about
29%
above
29%
dreaming
29%
mad
29%
remember
29%
surely
29%
think
29%
Though
27%
higher
24%
means
24%
ocean
24%
sea
24%
ship
24%
flew
22%
glimpse
22%
longer
22%
noise
22%
reason
22%
season
22%
soaring
22%
Tossed
22%
wise
22%
beyond
20%
blind
20%
claim
20%
empty
20%
event
20%
fortune
20%
illusion
20%
life's
20%
rose
20%
confusion
17%
course
17%
emotion
17%
heaven
17%
Masquerading
17%
set
17%
stormy
17%
waits
17%
winds
17%
charade
15%
equals
15%
splendor
15%
moving
12%
No matching quizzes found
Score Distribution
Percent of People with Each Score
Percentile by Number Answered
Your Score History
You have not taken this quiz